Loading...
Science - Chemistry | 0 | 3 | 1 | 0 | 25 | 99 | 118.00 | 0 | 0 |
Literature - American Literature | 0 | 2 | 0 | 0 | 20 | 150 | 153.50 | 0 | 0 |
Science - Biology | 0 | 2 | 0 | 0 | 20 | 103 | 122.00 | 0 | 0 |
Fine Arts - Painting & Sculpture | 0 | 3 | 2 | 2 | 20 | 138 | 148.67 | 0 | 0 |
Fine Arts - Other Fine Arts | 0 | 2 | 1 | 1 | 15 | 127 | 135.00 | 0 | 0 |
Science - Physics | 0 | 2 | 1 | 0 | 15 | 106 | 124.50 | 0 | 0 |
Fine Arts - Classical Music | 0 | 1 | 0 | 0 | 10 | 144 | 144.00 | 0 | 0 |
History - American History | 0 | 1 | 0 | 0 | 10 | 139 | 139.00 | 0 | 0 |
Literature - British Literature | 0 | 1 | 0 | 0 | 10 | 135 | 135.00 | 0 | 0 |
Literature - European Literature | 0 | 1 | 0 | 0 | 10 | 142 | 142.00 | 0 | 0 |
Literature - World Literature | 0 | 1 | 0 | 0 | 10 | 86 | 86.00 | 0 | 0 |
Science - Other Science | 0 | 1 | 0 | 0 | 10 | 133 | 133.00 | 0 | 0 |
Mythology | 0 | 0 | 0 | 0 | 0 | 0.00 | 0 | 0 | |
Social Science | 0 | 0 | 1 | 0 | -5 | 0.00 | 0 | 0 |